00781nam a2200193 a 4500003000200000005001700002008004100019050002900060100003200089245011900121260009000240300004000330504004100370650004100411650004500452650002900497650002700526650003400553020250221122123.0110617s19uu xx 00 eng d aPHS SB 317.M7b.V47 2011 aVazquez, Russel Vandrick D. aEffectiveness of chitosan from crab exoskeleton as growth enhancer for mongo plants /cRussel Vandrick D. Vazquez. aLas Piñas City, Philippines :bSouthville International School and Colleges,c2011. a21 pages :billustrations ;c28 cm. aIncludes bibliographical references. aChitosanxAgricultural applications. aCrabsxExoskeletonvChemical properties. aPlant growth regulators. aVigna radiataxGrowth. aBiostimulants in agriculture.